000 00623nam a2200229Ia 4500
003 OSt
005 20220918192316.0
006 a|||||r|||| 00| 0
007 ta
008 220917b |||||||| |||| 00| 0 eng d
024 _a67,806
037 _cTextual
040 _aARTS
_cARTS
_beng
041 _2eng
_aeng
082 _aR3xM59:g, M8
100 _aBoisvert Raymond D
_978860
245 0 _aJohn Dewey
_b rethinking our time
260 _aAlbany
_bState Univ of New York Press
_c1998
300 _axii,189p.
_ccm.
942 _hR3xM59:g, M8
_cTEXL
_2CC
999 _c194039
_d194039